[Event "IBCA Wch blind 10th"]
[Site "Istanbul"]
[Date "2002.11.25"]
[Round "6"]
[White "Peksenim, Erhan"]
[Black "Patil, Shirish"]
[Result "0-1"]
[WhiteElo "1800"]
[BlackElo "2125"]
[PlyCount "130"]
[EventDate "2002.11.20"]
[EventType "swiss"]
[EventRounds "9"]
[EventCountry "TUR"]
[SourceTitle "EXT 2004"]
[Source "ChessBase"]
[SourceDate "2003.11.25"]
[SourceVersion "1"]
[SourceVersionDate "2003.11.25"]
[SourceQuality "1"]

1. e4 e6 2. d4 d5 3. Bd3 c5 4. Nf3 Nc6 5. c3 cxd4 6. cxd4 Bb4+ 7. Nc3 Qa5 8. Bd2 dxe4 9. Nxe4 Bxd2+ 10. Nexd2 Qb4 11. 0-0 Nxd4 12. Nxd4 Qxd4 13. Qc2 Nf6 14. Rad1 0-0 15. Nb1 Qb6 16. Nc3 h6 17. Rfe1 Bd7 18. Re3 Rac8 19. Qd2 Rfd8 20. Rg3 Kf8 21. Qe2 Bc6 22. h3 a6 23. a3 Rd7 24. Re1 Rcd8 25. Re3 Qd4 26. Be4 Nxe4 27. Nxe4 Rd5 28. Kh1 Bb5 29. Qc2 Bd3 30. Qc7 Bxe4 31. Rxe4 Qxb2 32. Rf4 R5d7 33. Qc5+ Kg8 34. Qh5 Qd2 35. Re3 Qd1+ 36. Qxd1 Rxd1+ 37. Kh2 R1d7 38. Rg3 Rd3 39. Rff3 Rxf3 40. Rxf3 Kf8 41. Rb3 Rd7 42. Kg3 Ke7 43. Kf4 Kd8 44. Ke4 Kc7 45. Rg3 g6 46. Ke5 Rd5+ 47. Ke4 Kd6 48. Rb3 b5 49. a4 Kc5 50. axb5 axb5 51. Rf3 Rf5 52. Rc3+ Kb4 53. Rc2 Kb3 54. Re2 b4 55. f3 Rd5 56. g4 Ka3 57. f4 b3 58. f5 b2 59. Re3+ Ka2 60. Re2 Ka1 61. fxe6 fxe6 62. Kf4 b1Q 63. Rxe6 Qf1+ 64. Ke4 Qd3+ 65. Kf4 g5# 0-1